Dossier de la taula de vigències afectada per la Llei 40/1981 de 28 d' octubre per la qual s' aproven determinades mesures sobre Règim Jurídic de les Corporacions Locals
Descripción Física:
129 p. ; 30 cm
MARC
| LEADER | 00000nam a2200000Ia 4500 | ||
|---|---|---|---|
| 001 | 11078 | ||
| 008 | 160829s9999 xx 000 0 cat d | ||
| 080 | |a D-1-13 | ||
| 245 | |a Dossier de la taula de vigències afectada per la Llei 40/1981 de 28 d' octubre per la qual s' aproven determinades mesures sobre Règim Jurídic de les Corporacions Locals | ||
| 260 | |a Barcelona : |b Diputació de Barcelona, [s.a.] | ||
| 300 | |a 129 p. ; |c 30 cm | ||
| 650 | 0 | |a Administració local |x Dret i legislació |9 31521 | |
| 650 | |a Dret municipal |9 22170 | ||
| 710 | 1 | |a Barcelona (Catalunya : Província). |b Diputació |9 52408 | |
| 901 | |a Arxiu | ||
| 942 | |n 1 | ||
| 952 | |0 0 |1 0 |4 0 |6 D113 |7 1 |9 47640 |a Arxiu |b Arxiu |d 2016-12-01 |l 0 |o D-1-13 |p 11078 |r 2016-12-01 00:00:00 |w 2016-12-01 |y ARXIU | ||
| 999 | |c 51439 |d 51439 | ||